| 000 | 00422nam a2200169Ia 4500 | ||
|---|---|---|---|
| 003 | LK-CoDNM | ||
| 005 | 20240820150801.0 | ||
| 008 | 010623t1913 xxu||||| |||| 00| 1 eng d | ||
| 040 |
_aLK-CoDNM _dLK-CoDNM _eLK-CoDNM |
||
| 041 | _aeng | ||
| 080 |
_a7 _bG18 |
||
| 100 | _aBurgess,James | ||
| 245 | _aThe Chronology of Modern India | ||
| 260 |
_bJohn Grant _aEdinburgh _c1913 |
||
| 300 | _bVI, 483P. : 21 cm | ||
| 942 | _cBK | ||
| 999 |
_c87743 _d87743 |
||